[Event "Fouesnant op 12th"]
[Site "Fouesnant"]
[Date "2006.10.31"]
[Round "5"]
[White "Le Guichaoua, Roger"]
[Black "Le Guillou, Gwenael"]
[Result "1-0"]
[WhiteElo "1780"]
[BlackElo "1199"]
[PlyCount "65"]
[EventDate "2006.10.28"]
[EventType "swiss"]
[EventRounds "9"]
[EventCountry "FRA"]
[SourceTitle "EXT 2008"]
[Source "ChessBase"]
[SourceDate "2007.11.25"]
[SourceVersion "1"]
[SourceVersionDate "2007.11.25"]
[SourceQuality "1"]

1. e4 e5 2. Nf3 Nf6 3. Nc3 Nc6 4. Bc4 Bb4 5. d3 Bxc3+ 6. bxc3 d6 7. Bg5 h6 8. Bh4 Na5 9. Bb3 Bg4 10. h3 Bh5 11. g4 Bg6 12. Nd2 h5 13. g5 Nh7 14. Rg1 f6 15. gxf6 gxf6 16. Rxg6 Qd7 17. Qf3 Rf8 18. Qf5 Qxf5 19. exf5 0-0-0 20. Be6+ Kb8 21. Ne4 d5 22. Nxf6 Nxf6 23. Rxf6 Rfe8 24. Kd2 d4 25. c4 Nc6 26. Rg1 Ne7 27. Rf7 a6 28. Bxe7 Rxe7 29. Rxe7 b5 30. Rgg7 c6 31. Rb7+ Ka8 32. Ra7+ Kb8 33. Rgb7# 1-0